| 000 | 00564nam a2200157 a 4500 | ||
|---|---|---|---|
| 008 | 120416s1974 ||||||||||||||||| || u | ||
| 020 | _a0715394576 | ||
| 050 | _aD 743 Peo | ||
| 100 | _aMoynihan, Michael | ||
| 245 | 1 | 0 |
_aPeople at war: 1939-1945 _cedited by Michael Moynihan |
| 260 |
_aNew York: _bDavid and Charles _c1974 |
||
| 300 | _a216p. | ||
| 350 | _a0.00 | ||
| 650 | 0 | _aAFRICA--HISTORY | |
| 995 |
_D0.00 _FCBU-MAIN LIBRARY (Kitwe) _H1 _I4.95 _M1 _UAVAILABLE _WJun 23, 2006 _ZMain Library Open Access Collection |
||
| 999 |
_c53299 _d53299 |
||